Tìm hiểu về Hiệp hội các quốc gia Đông Nam Á - Asean Lào
Tallennettuna:
| Päätekijä: | |
|---|---|
| Muut tekijät: | |
| Aineistotyyppi: | Kirja |
| Julkaistu: |
Hà Nội
Quân đội Nhân dân
2016
|
| Aiheet: | |
| Tagit: |
Lisää tagi
Ei tageja, Lisää ensimmäinen tagi!
|
| Thư viện lưu trữ: | Trung tâm Học liệu Lê Vũ Hùng, Trường Đại học Đồng Tháp |
|---|
| LEADER | 00834pam a22002418a 4500 | ||
|---|---|---|---|
| 001 | 00041400 | ||
| 005 | 20180502080543.0 | ||
| 008 | 170515s2005 ||||||Viesd | ||
| 020 | # | # | |c 62000 |a 978 604 51 2160 3 |
| 041 | 0 | # | |a Vie |
| 082 | 1 | 4 | |a 959.4 |b T310H |
| 100 | 1 | # | |a Dương, Văn Tám |
| 245 | 1 | 0 | |b Lào |a Tìm hiểu về Hiệp hội các quốc gia Đông Nam Á - Asean |c Dương Văn Tám; Đàm Thị Ánh Ngọc |
| 260 | # | # | |c 2016 |a Hà Nội |b Quân đội Nhân dân |
| 300 | # | # | |a 248 tr. |c 21 cm |
| 653 | # | # | |a Asean |
| 653 | # | # | |a Con người |
| 653 | # | # | |a Lào |
| 653 | # | # | |a Đất nước |
| 700 | 1 | # | |a Đàm, Thị Ánh Ngọc |
| 852 | # | # | |j KD.0023562 |j KM.0024880 |
| 910 | |d 02/05/2018 | ||
| 980 | # | # | |a Trung tâm Học liệu Lê Vũ Hùng, Trường Đại học Đồng Tháp |